000 00666cac a22002291u 4500
090 _c9355
008 081218t 1994xxu||||| |||| 00| 0 eng d
020 _a1858051908
082 _a657
_bACC
245 _aAccounting and finance in business/
_b Mike Bendrey, Roger Hussey and Colston West ; edited by Jill Hussey.
250 _a4th ed.
260 _aLondon :
_b DP Publications,
_c1994
260 _bDistributer: Al-Ahram
300 _a633 p. ;
_c25cm
650 _aFinance.
650 _aAccounting.
650 _aManagerial accounting
700 _aHussey, Roger
700 _aWest, Colston.
700 _aCollis, Jill.
_91512
942 _cBB
_k657ACC
_2ddc
999 _c9355
_d9355